| Tag |
First Indicator |
Second Indicator |
Subfields |
| LEADER |
00000cam a2200000Ma 4500 |
| 001 |
in00003545346 |
| 006 |
m o d |
| 007 |
cr nn||||||||| |
| 008 |
121227s1989 ne o 000 0 eng d |
| 005 |
20260421164410.3 |
| 020 |
|
|
|a 9789400909953 (electronic bk.)
|
| 020 |
|
|
|a 9400909950 (electronic bk.)
|
| 035 |
|
|
|a (OCoLC)840304346
|
| 040 |
|
|
|a I9W
|b eng
|e pn
|c I9W
|d OCLCO
|d OCLCQ
|d GW5XE
|d OCLCF
|d OCLCO
|d UtOrBLW
|
| 049 |
|
|
|a TXAM
|
| 050 |
|
4 |
|a QC981.8.C5
|
| 082 |
0 |
4 |
|a 551.6
|2 20
|
| 100 |
1 |
|
|a Leinen, Margaret.
|
| 245 |
1 |
0 |
|a Paleoclimatology and Paleometeorology: Modern and Past Patterns of Global Atmospheric Transport /
|c edited by Margaret Leinen, Michael Sarnthein.
|
| 246 |
3 |
|
|a Proceedings of the NATO Advanced Research Workshop, Oracle, AZ, U.S.A., November 17-19, 1987
|
| 264 |
|
1 |
|a Dordrecht :
|b Springer Netherlands,
|c 1989.
|
| 300 |
|
|
|a 1 online resource (932 pages)
|
| 336 |
|
|
|a text
|b txt
|2 rdacontent
|
| 337 |
|
|
|a computer
|b c
|2 rdamedia
|
| 338 |
|
|
|a online resource
|b cr
|2 rdacarrier
|
| 490 |
1 |
|
|a NATO ASI Series, Series C: Mathematical and Physical Sciences, 1389-2185 ;
|v 282
|
| 500 |
|
|
|a Electronic resource.
|
| 650 |
|
0 |
|a Climatic changes
|v Congresses.
|
| 650 |
|
0 |
|a Paleoclimatology
|v Congresses.
|
| 650 |
|
0 |
|a Atmospheric circulation
|v Congresses.
|
| 650 |
|
0 |
|a Dust
|v Congresses.
|
| 650 |
|
0 |
|a Eolian processes
|v Congresses.
|
| 650 |
|
7 |
|a Atmospheric circulation.
|2 fast
|0 (OCoLC)fst00820394
|
| 650 |
|
7 |
|a Climatic changes.
|2 fast
|0 (OCoLC)fst00864229
|
| 650 |
|
7 |
|a Dust.
|2 fast
|0 (OCoLC)fst00899630
|
| 650 |
|
7 |
|a Eolian processes.
|2 fast
|0 (OCoLC)fst00913639
|
| 650 |
|
7 |
|a Paleoclimatology.
|2 fast
|0 (OCoLC)fst01051364
|
| 655 |
|
7 |
|a Electronic books.
|2 local
|
| 655 |
|
7 |
|a Conference proceedings.
|2 fast
|0 (OCoLC)fst01423772
|
| 700 |
1 |
|
|a Sarnthein, M.
|
| 710 |
2 |
|
|a SpringerLink (Online service)
|
| 830 |
|
0 |
|a NATO ASI series.
|n Series C,
|p Mathematical and physical sciences ;
|v 282.
|
| 856 |
4 |
0 |
|u http://proxy.library.tamu.edu/login?url=https://link.springer.com/10.1007/978-94-009-0995-3
|z Connect to the full text of this electronic book
|t 0
|
| 994 |
|
|
|a 92
|b TXA
|
| 999 |
|
|
|a MARS
|
| 999 |
f |
f |
|s a2885373-e6ce-3b48-a84d-02b1b56e7802
|i 658df0f0-081e-3d51-8185-483c8b6a333f
|t 0
|
| 952 |
f |
f |
|a Texas A&M University
|b College Station
|c Electronic Resources
|s www_evans
|d Available Online
|t 0
|e QC981.8.C5
|h Library of Congress classification
|
| 998 |
f |
f |
|a QC981.8.C5
|t 0
|l Available Online
|